Dingbats #12 - Statistics

General Stats
  • This quiz has been taken 58 times
  • The average score is 7 of 16
Answer Stats
Picture Answer % Correct
Up in arms
77%
Green flag
68%
Sugar daddy
68%
Ducks in a row
60%
Pie in the sky
58%
High seas
51%
Acid test
49%
Rock bottom
49%
Pig in a poke
47%
Second fiddle
45%
Lock horns
34%
Brown nose
32%
Go under the knife
23%
The letter of the law
23%
The real McCoy
17%
Scot free
13%
No matching quizzes found
Score Distribution
Percent of People with Each Score
Percentile by Number Answered
Your Score History
You have not taken this quiz